000 00711nam a2200265Ia 4500
003 OSt
005 20221006151735.0
006 a|||||r|||| 00| 0
007 ta
008 221006b |||||||| |||| 00| 0 jpn d
020 _c¥2500
024 _a23,192
037 _bGift, Japan Foundation
_cTextual
040 _aEASL
_cEASL
_bjpn
041 _2jpn
_ajpn
082 _aP42, L9
100 _aNIHON HOSO KYOKAI
_9656808
245 0 _aNihongo hatsuon akusento jiten
260 _aTokyo
_bNihon Hoso Shuppan Japan
_c1979
300 _a1232p.
_ccm.
490 _v RR
650 _aJL
942 _hP42, L9
_cTEXL
_2CC
999 _c1091278
_d1091278